[Event "France Jeunes Belfort 2017"]
[Site "Belfort"]
[Date "2017.04.23"]
[Round "9.3"]
[White "Burri, Quentin"]
[Black "Mazzella, Enzo"]
[Result "1-0"]
[WhiteElo "2372"]
[BlackElo "2111"]
[PlyCount "129"]
[EventDate "2017.??.??"]
[TimeControl "6000+2335"]
[WhiteClock "0:04:04"]
[BlackClock "0:01:41"]

1. e4 Nf6 2. e5 Nd5 3. d4 d6 4. c4 Nb6 5. exd6 cxd6 6. Nc3 g6 7. Be3 Bg7 8. Rc1
O-O 9. b3 e5 10. dxe5 dxe5 11. Qxd8 Rxd8 12. c5 N6d7 13. Bc4 Nc6 14. Nf3 Na5
15. Be2 b6 16. Na4 bxc5 17. Nxc5 Nxc5 18. Rxc5 Nb7 19. Rc7 Nd6 20. O-O e4 21.
Nd2 Be6 22. Ba6 Bd5 23. Nc4 Bf8 24. Bg5 Rdb8 25. Nxd6 Bxd6 26. Rd7 Rb6 27. Rd1
Rxa6 28. Rxd5 Bf8 29. Rd2 Rc6 30. g3 a6 31. Be3 Bc5 32. Bxc5 Rxc5 33. Re7 Rac8
34. Rxe4 R8c7 35. Rd6 R5c6 36. Rxc6 Rxc6 37. Kg2 Kg7 38. Kf3 Kf6 39. Ke3 h5 40.
Kd3 g5 41. h4 g4 42. b4 Rc1 43. Rc4 Rf1 44. Ke2 Rb1 45. Rc6+ Ke7 46. a3 a5 47.
bxa5 Rb5 48. Ra6 Rb3 49. Rh6 Rb5 50. Ra6 Rb3 51. Rb6 Rxa3 52. Rb5 Ke6 53. Rxh5
f5 54. Rh6+ Ke5 55. Ra6 Ke4 56. Re6+ Kd5 57. Re8 Rxa5 58. Ke3 Ra3+ 59. Kf4 Rf3+
60. Kg5 Rxf2 61. Rf8 Ke6 62. h5 f4 63. Rxf4 Rxf4 64. Kxf4 Kf7 65. Kg5 1-0

[Event "France Jeunes Belfort 2017"]
[Site "Belfort"]
[Date "2017.04.23"]
[Round "9.3"]
[White "David, Bogdan-Emanuel"]
[Black "Maache, Jawad"]
[Result "1/2-1/2"]
[WhiteElo "2099"]
[BlackElo "2119"]
[PlyCount "148"]
[EventDate "2017.??.??"]
[TimeControl "6000+1505"]
[WhiteClock "0:01:32"]
[BlackClock "0:02:37"]

1. e4 d5 2. exd5 Qxd5 3. Nc3 Qa5 4. d4 Nf6 5. Bc4 Bg4 6. f3 Bf5 7. Bd2 Qb6 8.
Nge2 e6 9. g4 Bg6 10. h4 h6 11. Nf4 Nc6 12. Nxg6 fxg6 13. Na4 Qxd4 14. Qe2 Qe5
15. O-O-O Qxe2 16. Bxe2 Bd6 17. Be3 Nd5 18. Bf2 O-O-O 19. Bd3 Ne5 20. Rhe1 Rhf8
21. Nc5 Nxf3 22. Rxe6 Nf4 23. Re4 Nxd3+ 24. Nxd3 Rde8 25. Rc4 Ne5 26. Nxe5 Bxe5
27. Bxa7 Rf4 28. Bd4 Rxg4 29. Ra4 Bxd4 30. Raxd4 Rxd4 31. Rxd4 Re5 32. Kd2 g5
33. Rg4 gxh4 34. Rxg7 Rh5 35. Rg2 Kd7 36. Ke3 Ke6 37. Kf4 Kf6 38. Rh2 Rc5 39.
b3 Rb5 40. Rxh4 Kg6 41. Rh2 h5 42. Re2 Kf6 43. Re8 c6 44. Rh8 Rf5+ 45. Kg3 Rg5+
46. Kh3 Rc5 47. c4 b5 48. Rc8 Ke6 49. cxb5 Rxb5 50. Rxc6+ Kd5 51. Rc4 Ra5 52.
a4 Kd6 53. Kh4 Kd7 54. Rb4 Rd5 55. Kg3 Rg5+ 56. Kf3 Rc5 57. Ke3 h4 58. Kf3 h3
59. Kg3 Rc3+ 60. Kh2 Kd6 61. Rb5 Kc6 62. b4 Ra3 63. Rc5+ Kb6 64. a5+ Ka6 65.
Rc6+ Kb7 66. Rh6 Rb3 67. Rb6+ Ka7 68. Kh1 Rb2 69. Kg1 Rb1+ 70. Kh2 Rb3 71. b5
Ra3 72. Ra6+ Kb7 73. Rh6 Rxa5 74. Kxh3 Rxb5 1/2-1/2

[Event "France Jeunes Belfort 2017"]
[Site "Belfort"]
[Date "2017.04.23"]
[Round "9.3"]
[White "Djidjeli, Sarah"]
[Black "Yuan, Beline"]
[Result "0-1"]
[WhiteElo "1934"]
[BlackElo "1845"]
[PlyCount "112"]
[EventDate "2017.??.??"]
[TimeControl "6000+820"]
[WhiteClock "0:13:10"]
[BlackClock "0:11:19"]

1. e4 e6 2. d4 d5 3. Nc3 Bb4 4. Bd3 dxe4 5. Bxe4 Nf6 6. Bf3 c5 7. Nge2 O-O 8.
O-O Nc6 9. Be3 cxd4 10. Nxd4 Bxc3 11. bxc3 Ne7 12. Nb5 Qa5 13. c4 Rd8 14. Qe2
a6 15. Nd4 e5 16. Nb3 Qc7 17. Bg5 Ne8 18. Bd5 Nf6 19. Bxf6 gxf6 20. Rad1 Ng6
21. Qf3 f5 22. Qh5 Be6 23. Bxe6 fxe6 24. Qe2 Kh8 25. Kh1 Rg8 26. Rde1 Rac8 27.
c5 Qc6 28. Rg1 Rg7 29. Qf3 Qxf3 30. gxf3 Rd7 31. Re3 Rcd8 32. Rb1 Nh4 33. Rxe5
Rd1+ 34. Re1 Rxb1 35. Rxb1 Rd5 36. f4 Kg8 37. c4 Rd3 38. Na5 Rc3 39. Kg1 Rc2
40. h3 Nf3+ 41. Kg2 Nd2 42. Nxb7 Nxb1 43. Nd6 Nd2 44. c6 Nxc4 45. Ne8 Nb6 46.
c7 Nc8 47. Nf6+ Kg7 48. Nd7 Rxc7 49. Ne5 Rc2 50. a3 Nd6 51. Nd3 Rc3 52. Nb4
Rxa3 53. Nc2 Rc3 54. Nd4 Kf6 55. Ne2 Rc4 56. Ng3 Ne4 0-1

[Event "France Jeunes Belfort 2017"]
[Site "Belfort"]
[Date "2017.04.23"]
[Round "9.3"]
[White "Lafortune, Emerick"]
[Black "Meunier, Clement"]
[Result "0-1"]
[WhiteElo "2111"]
[BlackElo "2240"]
[PlyCount "64"]
[EventDate "2017.??.??"]
[TimeControl "6000+2360"]
[WhiteClock "0:00:55"]
[BlackClock "0:42:04"]

1. d4 f5 2. Nf3 Nf6 3. g3 e6 4. Bg2 c6 5. c4 d5 6. O-O Bd6 7. Bf4 Bxf4 8. gxf4
O-O 9. Ne5 Bd7 10. Qb3 b6 11. c5 Na6 12. Qa3 Nc7 13. Nd2 Be8 14. Rfc1 Ne4 15.
Nxe4 fxe4 16. e3 b5 17. Qa5 Kh8 18. Rf1 Rc8 19. Qxa7 g5 20. f3 gxf4 21. fxe4
dxe4 22. Bxe4 Bh5 23. Qa3 Qg5+ 24. Kh1 fxe3 25. Qd3 Nd5 26. Rg1 Qh6 27. Rae1 e2
28. Bxd5 exd5 29. h3 Rce8 30. Ng4 Bxg4 31. Rxg4 Re3 32. Rg3 Rxd3 0-1

[Event "France Jeunes Belfort 2017"]
[Site "Belfort"]
[Date "2017.04.23"]
[Round "9.3"]
[White "Leriche, Ines"]
[Black "Bellahcene, Anissa"]
[Result "1-0"]
[WhiteElo "2037"]
[BlackElo "1806"]
[PlyCount "57"]
[EventDate "2017.??.??"]
[TimeControl "6000+1105"]
[WhiteClock "0:17:55"]
[BlackClock "0:26:52"]

1. d4 d5 2. c4 e6 3. Nc3 Nf6 4. cxd5 exd5 5. Bg5 Nbd7 6. e3 c6 7. Bd3 Be7 8. h3
O-O 9. Nf3 Re8 10. O-O h6 11. Bf4 Nb6 12. Qc2 Be6 13. Bh2 Rc8 14. Ne5 Nfd7 15.
f4 Nxe5 16. fxe5 c5 17. Qf2 Bg5 18. Ne2 Nc4 19. Nf4 Qe7 20. b3 Nb6 21. Bg3 Qd7
22. h4 Bxf4 23. exf4 cxd4 24. f5 Rc3 25. fxe6 fxe6 26. Qxd4 Rec8 27. Rad1 Qe7
28. Qg4 Rf8 29. Qg6 1-0

[Event "France Jeunes Belfort 2017"]
[Site "Belfort"]
[Date "2017.04.23"]
[Round "9.3"]
[White "Maugenest, Ghislain"]
[Black "Trabet, Mathis"]
[Result "1-0"]
[WhiteElo "1915"]
[BlackElo "1675"]
[PlyCount "57"]
[EventDate "2017.??.??"]
[TimeControl "6000+875"]
[WhiteClock "0:45:11"]
[BlackClock "0:35:51"]

1. d4 Nf6 2. c4 c5 3. d5 b5 4. cxb5 a6 5. f3 e6 6. e4 exd5 7. e5 Qe7 8. Qe2 Ng8
9. Nc3 Bb7 10. Nh3 c4 11. Be3 axb5 12. O-O-O Qxe5 13. Qf2 Ne7 14. Bf4 Qf6 15.
Nxb5 Ng6 16. Qe3+ Be7 17. Nc7+ Kf8 18. Nxa8 Nxf4 19. Qxf4 Qxf4+ 20. Nxf4 Bg5
21. Nb6 Bxf4+ 22. Kb1 d4 23. Rxd4 Be3 24. Rxc4 Ba6 25. Rb4 Bc5 26. Rb3 Bxf1 27.
Rxf1 Bd6 28. Rd1 Ke7 29. Re3+ 1-0

[Event "France Jeunes Belfort 2017"]
[Site "Belfort"]
[Date "2017.04.23"]
[Round "9.3"]
[White "Micottis, Dorian"]
[Black "Viennot, Dylan"]
[Result "1-0"]
[WhiteElo "2249"]
[BlackElo "2263"]
[PlyCount "51"]
[EventDate "2017.??.??"]
[TimeControl "6000+1575"]
[WhiteClock "0:40:26"]
[BlackClock "0:05:08"]

1. e4 e6 2. d4 d5 3. Nc3 Nf6 4. Bg5 dxe4 5. Nxe4 Be7 6. Bxf6 gxf6 7. Nf3 f5 8.
Nc3 a6 9. Qd2 b5 10. O-O-O Bb7 11. d5 b4 12. Bc4 c6 13. Qd4 Bf6 14. Qe3 cxd5
15. Nxd5 O-O 16. Nb6 Qc7 17. Nxa8 Qxc4 18. b3 Qb5 19. Nb6 Bg7 20. Nc4 Bxf3 21.
gxf3 h6 22. Rhg1 Kh7 23. f4 Nc6 24. Rxg7+ Kxg7 25. Qg3+ Kh7 26. Rg1 1-0

[Event "France Jeunes Belfort 2017"]
[Site "Belfort"]
[Date "2017.04.23"]
[Round "9.4"]
[White "Attard, Leopold"]
[Black "Lux, Hugo De Melo"]
[Result "1-0"]
[WhiteElo "2090"]
[BlackElo "2089"]
[PlyCount "127"]
[EventDate "2017.??.??"]
[TimeControl "6000+830"]
[WhiteClock "0:04:07"]
[BlackClock "0:01:59"]

1. d4 Nf6 2. Nf3 e6 3. c4 c5 4. g3 cxd4 5. Nxd4 d5 6. Bg2 e5 7. Nf3 e4 8. Nd4
dxc4 9. O-O Bc5 10. Nb5 Qxd1 11. Rxd1 Na6 12. N1c3 Bd7 13. Nd4 Rd8 14. Bg5 Bc8
15. Ndb5 Rxd1+ 16. Rxd1 e3 17. Bxe3 O-O 18. Nxa7 Bxe3 19. Nxc8 Bc5 20. Bxb7 Nc7
21. Nd6 Rb8 22. Nde4 Be7 23. Bc6 Rxb2 24. Rb1 Rxb1+ 25. Nxb1 Nxe4 26. Bxe4 Bb4
27. e3 Na6 28. Kf1 Nc5 29. Bc2 Kf8 30. Ke2 c3 31. e4 Ke7 32. Ke3 Nd7 33. f4
Bc5+ 34. Kd3 Bg1 35. Nxc3 Kd6 36. Ne2 Bf2 37. e5+ Kc7 38. Ke4 g6 39. Bb3 f6 40.
Bg8 fxe5 41. fxe5 Nf8 42. Nf4 Kd7 43. g4 h6 44. Bd5 Ke7 45. a4 Bb6 46. Bc4 Ba5
47. Nd5+ Kd8 48. Ne3 Nd7 49. Bb5 Nb6 50. h4 Ke7 51. h5 Kf7 52. Bc4+ Kg7 53. Bb3
Bc3 54. hxg6 Kxg6 55. Nf5 Nd7 56. e6 Nc5+ 57. Kd5 Nxb3 58. Kc4 h5 59. e7 Kf7
60. gxh5 Nd2+ 61. Kxc3 Ne4+ 62. Kd4 Nf6 63. h6 Kg6 64. Nd6 1-0

[Event "France Jeunes Belfort 2017"]
[Site "Belfort"]
[Date "2017.04.23"]
[Round "9.4"]
[White "Auroux, William"]
[Black "Burgalat, Eliot"]
[Result "1-0"]
[WhiteElo "1795"]
[BlackElo "1611"]
[PlyCount "103"]
[EventDate "2017.??.??"]
[TimeControl "6000+690"]
[WhiteClock "0:05:29"]
[BlackClock "0:15:26"]

1. Nf3 Nf6 2. g3 d5 3. Bg2 Bf5 4. O-O e6 5. d3 Bd6 6. Nbd2 O-O 7. Qe1 e5 8. e4
dxe4 9. dxe4 Bg6 10. Qe2 Nbd7 11. Nh4 c6 12. Nxg6 hxg6 13. Nc4 Bc7 14. Bg5 Nc5
15. Rad1 Qe7 16. Rd2 Ne6 17. Be3 b5 18. Na3 Bb6 19. c3 Rfd8 20. Rfd1 Rxd2 21.
Rxd2 Rd8 22. Nc2 Rxd2 23. Qxd2 Qd7 24. Qxd7 Nxd7 25. Bxb6 Nxb6 26. Nb4 c5 27.
Nc6 a6 28. Nxe5 Na4 29. Nd3 c4 30. Nb4 Nxb2 31. Kf1 Na4 32. Nd5 f6 33. Ke2 Kf7
34. Kd2 g5 35. Bh3 Nac5 36. f3 Nd3 37. Bxe6+ Kxe6 38. Nc7+ Kd6 39. Nxa6 g6 40.
Nb4 Nxb4 41. cxb4 Ke5 42. Kc3 f5 43. exf5 gxf5 44. a4 bxa4 45. Kxc4 g4 46. fxg4
fxg4 47. b5 Kd6 48. Kb4 Kc7 49. Kxa4 Kb6 50. Kb4 Kb7 51. Kc5 Kc7 52. Kd4 1-0

[Event "France Jeunes Belfort 2017"]
[Site "Belfort"]
[Date "2017.04.23"]
[Round "9.4"]
[White "Bartels, Karina"]
[Black "Fretel, Liza"]
[Result "0-1"]
[WhiteElo "1759"]
[BlackElo "1801"]
[PlyCount "66"]
[EventDate "2017.??.??"]
[TimeControl "6000+1385"]
[WhiteClock "0:01:41"]
[BlackClock "0:29:14"]

1. e4 c5 2. Nc3 Nc6 3. d3 g6 4. g4 Bg7 5. Be3 d6 6. Bg2 Rb8 7. h3 b5 8. Qd2 b4
9. Nd1 Ba6 10. f4 e6 11. f5 Nf6 12. e5 Nxe5 13. Ne2 Bb7 14. Bxb7 Rxb7 15. O-O
Nfxg4 16. hxg4 Qh4 17. Nf4 Nxg4 18. fxe6 g5 19. exf7+ Rxf7 20. Ne6 Rxf1+ 21.
Kxf1 Qh1+ 22. Ke2 Be5 23. Qe1 Qg2+ 24. Nf2 Nxf2 25. Qxf2 Qg4+ 26. Qf3 Qxe6 27.
Qa8+ Kf7 28. Qxa7+ Kg6 29. Rg1 Bf4 30. Qa4 Qxe3+ 31. Kf1 Bg3 32. Rxg3 Qxg3 33.
Qd7 Rf8+ 0-1

[Event "France Jeunes Belfort 2017"]
[Site "Belfort"]
[Date "2017.04.23"]
[Round "9.4"]
[White "Favarel-Lubeigt, Helina"]
[Black "Kuhn, Mathilde"]
[Result "0-1"]
[WhiteElo "1537"]
[BlackElo "1313"]
[PlyCount "50"]
[EventDate "2017.??.??"]
[TimeControl "6000+550"]
[WhiteClock "0:48:30"]
[BlackClock "0:47:33"]

1. d4 Nf6 2. c4 g6 3. Nc3 Bg7 4. e4 d6 5. h3 O-O 6. Be3 Na6 7. Bd3 e5 8. d5 Nd7
9. g4 Ndc5 10. Bb1 f5 11. gxf5 gxf5 12. exf5 Bxf5 13. Bxf5 Rxf5 14. Nf3 Qf6 15.
Nh2 Rf8 16. Qe2 Nb4 17. O-O-O a5 18. a3 Nb3+ 19. Kb1 Na6 20. Rdg1 Kh8 21. Ne4
Qh4 22. Bg5 Rxg5 23. Rxg5 Qxe4+ 24. Qc2 Qxh1+ 25. Ka2 Nd4 0-1

[Event "France Jeunes Belfort 2017"]
[Site "Belfort"]
[Date "2017.04.23"]
[Round "9.4"]
[White "Imperor, Amelie"]
[Black "Marcenac, Delphine"]
[Result "1-0"]
[WhiteElo "1820"]
[BlackElo "1452"]
[PlyCount "103"]
[EventDate "2017.??.??"]
[TimeControl "6000+1885"]
[WhiteClock "0:06:46"]
[BlackClock "0:03:26"]

1. e4 b6 2. d4 Bb7 3. Nc3 e6 4. Be2 Nf6 5. Bf3 Bb4 6. e5 Nd5 7. Bd2 Bxc3 8.
bxc3 Qc8 9. c4 Ne7 10. h4 c5 11. c3 Bxf3 12. Qxf3 Qc6 13. Rh3 Qxf3 14. Nxf3
Nbc6 15. dxc5 bxc5 16. Be3 Na5 17. Bxc5 Nxc4 18. Rb1 Nc6 19. Rg3 Rg8 20. Nd2
Nxd2 21. Kxd2 Nxe5 22. Bd4 f6 23. Rb7 a6 24. Bxe5 fxe5 25. Rd3 d5 26. Re3 e4
27. f3 Rd8 28. fxe4 dxe4+ 29. Ke2 Rd7 30. Rxd7 Kxd7 31. Rxe4 Rb8 32. Ra4 Rb6
33. Kd3 Kd6 34. Ra5 Rc6 35. g4 g6 36. Kd4 h6 37. Ra4 Rb6 38. Rb4 Rc6 39. Rb7
Rc5 40. Rb6+ Rc6 41. Rxc6+ Kxc6 42. g5 hxg5 43. hxg5 Kd6 44. a4 a5 45. Ke4 e5
46. c4 Kc5 47. Kxe5 Kxc4 48. Kf6 Kb4 49. Kxg6 Kxa4 50. Kf5 Kb4 51. g6 a4 52. g7
1-0

[Event "France Jeunes Belfort 2017"]
[Site "Belfort"]
[Date "2017.04.23"]
[Round "9.4"]
[White "Kern, Nicolas"]
[Black "Dudognon, Thibault"]
[Result "1/2-1/2"]
[WhiteElo "2085"]
[BlackElo "2218"]
[PlyCount "105"]
[EventDate "2017.??.??"]
[TimeControl "6000+685"]
[WhiteClock "0:05:03"]
[BlackClock "0:11:23"]

1. e4 c6 2. Nc3 d5 3. Nf3 Bg4 4. h3 Bxf3 5. Qxf3 e6 6. d4 dxe4 7. Qxe4 Nf6 8.
Qd3 Bd6 9. Be2 Nbd7 10. O-O Qc7 11. Re1 O-O 12. Ne4 Bh2+ 13. Kh1 Bf4 14. Bf3
Bxc1 15. Raxc1 Rfd8 16. Qe3 h6 17. c3 Nxe4 18. Qxe4 Nf6 19. Qe5 Qxe5 20. Rxe5
a5 21. Kg1 Nd7 22. Re2 a4 23. Kf1 Nb6 24. Ke1 Nc4 25. Be4 Ra5 26. Bd3 Nb6 27.
Rd1 g6 28. Red2 Kg7 29. Be2 Kf6 30. c4 Ke7 31. Rb1 Rd7 32. Kd1 Ra8 33. Kc2 Rad8
34. Rbd1 Nc8 35. Bf3 Nd6 36. Kc3 Nf5 37. g4 Nh4 38. Bh1 g5 39. Kb4 Ra8 40. d5
cxd5 41. cxd5 Ng6 42. dxe6 Rxd2 43. Rxd2 fxe6 44. Kb5 a3 45. b4 Nf4 46. Kb6 Ra4
47. Rd4 e5 48. Rc4 Nd3 49. Kb5 Ra7 50. Kb6 Ra4 51. Kb5 Ra7 52. Kb6 Ra4 53. Kb5
1/2-1/2

[Event "France Jeunes Belfort 2017"]
[Site "Belfort"]
[Date "2017.04.23"]
[Round "9.4"]
[White "Labrande, Eleonore"]
[Black "Rozec, Mialy"]
[Result "1-0"]
[WhiteElo "1635"]
[BlackElo "1289"]
[PlyCount "59"]
[EventDate "2017.??.??"]
[TimeControl "6000+1655"]
[WhiteClock "0:13:25"]
[BlackClock "0:00:35"]

1. e4 g6 2. d4 Bg7 3. Nc3 a6 4. Bc4 Nf6 5. f3 O-O 6. Be3 d6 7. Qd2 b5 8. Bb3
Bb7 9. Nge2 Nbd7 10. Nd1 Rc8 11. Bh6 c5 12. c3 c4 13. Bc2 Qb6 14. h4 Rfd8 15.
g4 Nf8 16. Bxg7 Kxg7 17. h5 Ng8 18. Nf2 e6 19. f4 f5 20. hxg6 hxg6 21. Rg1 fxe4
22. Nxe4 Nf6 23. Nxf6 Kxf6 24. f5 g5 25. Rf1 e5 26. O-O-O Qc7 27. Ng3 d5 28.
Nh5+ Kf7 29. Qxg5 Ke8 30. dxe5 1-0

[Event "France Jeunes Belfort 2017"]
[Site "Belfort"]
[Date "2017.04.23"]
[Round "9.4"]
[White "Midy, Robin"]
[Black "Bressy, Theo"]
[Result "0-1"]
[WhiteElo "2137"]
[BlackElo "2039"]
[PlyCount "80"]
[EventDate "2017.??.??"]
[TimeControl "6000+945"]
[WhiteClock "0:01:13"]
[BlackClock "0:11:15"]

1. d4 g6 2. e4 Bg7 3. Nc3 d6 4. Bg5 h6 5. Bf4 a6 6. a4 b6 7. Nf3 Bb7 8. h3 e6
9. Qd2 Nd7 10. Bc4 Ne7 11. Bb3 Kf8 12. O-O Kg8 13. Ne1 Kh7 14. Bg3 Nf6 15. Qd3
d5 16. exd5 exd5 17. Be5 Nd7 18. Bxg7 Kxg7 19. Rd1 Nf6 20. Qf3 Qc8 21. Ne2 c5
22. c3 Re8 23. Bc2 c4 24. Ng3 Qc7 25. Ne2 Nc8 26. Ng3 Bc6 27. Ra1 Ra7 28. Qd1
Nd6 29. Nf3 Nfe4 30. Ne2 f6 31. Nd2 Qb8 32. f3 Ng5 33. Nf4 Nf5 34. Nxg6 Ne3 35.
Qc1 Nxh3+ 36. Kh1 Qg3 37. Nh4 Qxh4 38. Qe1 Nf2+ 39. Kg1 Qh1+ 40. Kxf2 Qxg2# 0-1

[Event "France Jeunes Belfort 2017"]
[Site "Belfort"]
[Date "2017.04.23"]
[Round "9.4"]
[White "Zachary, Matheo"]
[Black "Defromont, Benjamin"]
[Result "1-0"]
[WhiteElo "2267"]
[BlackElo "1946"]
[PlyCount "89"]
[EventDate "2017.??.??"]
[TimeControl "6000+890"]
[WhiteClock "0:44:45"]
[BlackClock "0:00:32"]

1. e4 e6 2. d4 d5 3. Nd2 Nf6 4. e5 Nfd7 5. Bd3 c5 6. c3 Nc6 7. Ne2 cxd4 8. cxd4
f6 9. exf6 Nxf6 10. Nf3 Bd6 11. O-O O-O 12. Bf4 Bxf4 13. Nxf4 Qd6 14. g3 e5 15.
dxe5 Nxe5 16. Nxe5 Qxe5 17. Qb3 Bd7 18. Rfe1 Qd6 19. Bf1 Bc6 20. Bg2 Rfe8 21.
Red1 Rad8 22. Rd4 Kh8 23. Rad1 Re5 24. h4 Qe7 25. Nd3 Re6 26. Bf3 Qd6 27. Kg2
Re7 28. Nf4 Re5 29. Kh2 Kg8 30. Qd3 Kh8 31. Nh3 Be8 32. Nf4 Bc6 33. Kg2 Qd7 34.
Qa3 a6 35. Qa5 Kg8 36. R1d2 Kh8 37. b4 Kg8 38. a4 Rde8 39. b5 axb5 40. axb5
Bxb5 41. Nxd5 Nxd5 42. Rxd5 Bc6 43. Rxe5 Bxf3+ 44. Kxf3 Rxe5 45. Qxe5 1-0

[Event "France Jeunes Belfort 2017"]
[Site "Belfort"]
[Date "2017.04.23"]
[Round "9.5"]
[White "Dillenschneider, Ernesto"]
[Black "Lever, Erwan"]
[Result "1/2-1/2"]
[WhiteElo "2037"]
[BlackElo "2129"]
[PlyCount "64"]
[EventDate "2017.??.??"]
[TimeControl "6000+950"]
[WhiteClock "0:12:02"]
[BlackClock "0:11:27"]

1. d4 Nf6 2. c4 g6 3. Nc3 d5 4. cxd5 Nxd5 5. e4 Nxc3 6. bxc3 Bg7 7. Be3 c5 8.
Nf3 Qa5 9. Qd2 a6 10. Rc1 cxd4 11. cxd4 Qxd2+ 12. Nxd2 O-O 13. Be2 Nc6 14. Nb3
e5 15. dxe5 Bxe5 16. a4 Re8 17. O-O Bg7 18. f3 f5 19. Bd3 fxe4 20. Bxe4 Bf5 21.
Nc5 Nd4 22. Rfe1 Bxe4 23. Nxe4 Rac8 24. Bxd4 Bxd4+ 25. Kf1 Rxc1 26. Rxc1 Re7
27. Ke2 h5 28. Rc4 Be5 29. g3 h4 30. f4 Bc7 31. Kf3 hxg3 32. hxg3 Ba5 1/2-1/2

[Event "France Jeunes Belfort 2017"]
[Site "Belfort"]
[Date "2017.04.23"]
[Round "9.6"]
[White "Daeschler, Florian"]
[Black "Sarafian, Thomas"]
[Result "1-0"]
[WhiteElo "2124"]
[BlackElo "1892"]
[PlyCount "72"]
[EventDate "2017.??.??"]
[TimeControl "6000+660"]
[WhiteClock "0:06:46"]
[BlackClock "0:15:05"]

1. Nf3 c5 2. e4 d6 3. Bb5+ Bd7 4. Bxd7+ Nxd7 5. O-O g6 6. c3 Ngf6 7. Qe2 Bg7 8.
d4 O-O 9. e5 dxe5 10. dxe5 Nd5 11. Rd1 e6 12. Bg5 Qc7 13. c4 Nb4 14. Be7 Nxe5
15. Bxf8 Nxf3+ 16. Qxf3 Bxb2 17. Bd6 Qb6 18. a3 Bxa1 19. axb4 cxb4 20. c5 Qb5
21. Nd2 Bg7 22. Ne4 a5 23. Ng5 Qd7 24. Ne4 Qc6 25. Nf6+ Kh8 26. Qf4 b3 27. Bb8
Qc8 28. Bc7 a4 29. Nd7 a3 30. Nb6 a2 31. Be5 Qxc5 32. Qa4 Bxe5 33. Qxa8+ Kg7
34. Nd7 Qb4 35. Nxe5 Qc5 36. Nd7 Qh5 1-0

[Event "France Jeunes Belfort 2017"]
[Site "Belfort"]
[Date "2017.04.23"]
[Round "10.1"]
[White "Bureau-Leroyer, Lola"]
[Black "Vernet, Solene"]
[Result "0-1"]
[WhiteElo "1635"]
[BlackElo "1863"]
[PlyCount "58"]
[EventDate "2017.??.??"]
[TimeControl "6000+475"]
[WhiteClock "0:36:52"]
[BlackClock "0:27:54"]

1. Nf3 Nf6 2. c4 c5 3. b3 d5 4. cxd5 Nxd5 5. e3 Nc6 6. Bb2 Bf5 7. Bb5 Qb6 8.
Qe2 a6 9. Bxc6+ Qxc6 10. Na3 Nb4 11. d4 Nd3+ 12. Kf1 Nxb2 13. Ne5 Qf6 14. e4
Bg6 15. Qxb2 e6 16. Nac4 Bxe4 17. f3 Bd5 18. Nb6 Rd8 19. Re1 cxd4 20. Qc2 Qe7
21. b4 Qxb4 22. Nxd5 Qb5+ 23. Kf2 Qxd5 24. Qa4+ Qb5 25. Qxb5+ axb5 26. Rb1 Rd5
27. f4 Bd6 28. Rhc1 Ke7 29. a4 Ra8 0-1

[Event "France Jeunes Belfort 2017"]
[Site "Belfort"]
[Date "2017.04.23"]
[Round "10.2"]
[White "Parlas, Helin"]
[Black "Haussernot, Cécile"]
[Result "0-1"]
[WhiteElo "1606"]
[BlackElo "2107"]
[PlyCount "54"]
[EventDate "2017.??.??"]
[TimeControl "6000+680"]
[WhiteClock "0:54:02"]
[BlackClock "0:40:05"]

1. d4 Nf6 2. c4 e6 3. Nc3 Bb4 4. a3 Bxc3+ 5. bxc3 c5 6. e3 O-O 7. Nf3 Qa5 8.
Qc2 d5 9. Bd2 Bd7 10. Bd3 b5 11. cxd5 c4 12. Be4 exd5 13. Bf5 Bxf5 14. Qxf5 Nc6
15. O-O Ne7 16. Qc2 Ne4 17. Ne5 f6 18. Ng4 h5 19. Be1 hxg4 20. f3 gxf3 21. gxf3
Nf5 22. Bf2 Qxc3 23. Qxc3 Nxc3 24. Rfe1 Rfd8 25. Rac1 Na4 26. Rcd1 Nb2 27. Rc1
Nd3 0-1